[Event "Airports Authority of India"]
[Site "New Delhi IND"]
[Date "2011.06.22"]
[EventDate "2011.06.22"]
[Round "1"]
[Result "1-0"]
[White "Wesley So"]
[Black "Krishnan Sasikiran"]
[WhiteElo "2667"]
[BlackElo "2676"]
[PlyCount "75"]

1. e4 c5 2. Nf3 d6 3. d4 cxd4 4. Nxd4 Nf6 5. Nc3 Nc6 6. Bg5 e6
7. Qd2 a6 8. O-O-O Bd7 9. f3 Be7 10. Kb1 Qc7 11. h4 h6 12. Be3
h5 13. Nxc6 Bxc6 14. Bg5 O-O-O 15. Ne2 Kb8 16. c4 b6 17. Rc1
Rhe8 18. Nd4 Bb7 19. Be2 Rc8 20. Rhd1 Bf8 21. b4 Nd7 22. a4
Ka8 23. Ka2 g6 24. Nb3 f5 25. exf5 exf5 26. a5 Ne5 27. axb6
Qxb6 28. Be3 Qc7 29. Bf1 Rcd8 30. Bg1 Kb8 31. b5 Nd7 32. bxa6
Bxa6 33. c5 Bxf1 34. cxd6 Qb7 35. Na5 Qa6 36. Rb1+ Bb5
37. Rxb5+ Qxb5 38. Rb1 1-0

[Event "Airports Authority of India"]
[Site "New Delhi IND"]
[Date "2011.06.23"]
[EventDate "2011.06.22"]
[Round "2"]
[Result "1-0"]
[White "Viktor Laznicka"]
[Black "Wesley So"]
[WhiteElo "2681"]
[BlackElo "2667"]
[PlyCount "77"]

1. d4 Nf6 2. c4 e6 3. Nc3 Bb4 4. Qc2 O-O 5. a3 Bxc3+ 6. Qxc3
d6 7. Bg5 Nbd7 8. e3 b6 9. Ne2 c5 10. Rd1 Qc7 11. Qc2 cxd4
12. Nxd4 Ba6 13. Bxf6 Nxf6 14. Qa4 Qc8 15. Be2 Bb7 16. O-O Rd8
17. b4 a5 18. Qb3 axb4 19. axb4 d5 20. Rc1 dxc4 21. Bxc4 Qb8
22. b5 Ne4 23. Qc2 Nc5 24. Nc6 Bxc6 25. bxc6 Qc7 26. Be2 e5
27. Bf3 Rd6 28. Rfd1 Rad8 29. Rxd6 Rxd6 30. Qc4 Qd8 31. h3 g6
32. Bd5 Kg7 33. e4 f5 34. Qc3 Kh6 35. Qxe5 Nd3 36. Qc3 Qg5
37. Rc2 fxe4 38. c7 Nf4 39. Qg3 1-0

[Event "Asian Continental Chess Championship"]
[Site "Ho Chi Minh VIE"]
[Date "2012.05.05"]
[EventDate "2012.05.05"]
[Round "1"]
[Result "1/2-1/2"]
[White "Wesley So"]
[Black "Qun Ma"]
[WhiteElo "2653"]
[BlackElo "2481"]
[PlyCount "110"]

1. c4 Nf6 2. d4 c6 3. Nc3 d5 4. Nf3 dxc4 5. a4 Bf5 6. Ne5 Nbd7
7. Nxc4 Nb6 8. Ne5 a5 9. f3 Nfd7 10. Nxd7 Nxd7 11. e4 Bg6
12. Be2 Qb6 13. f4 e6 14. O-O f5 15. Bc4 fxe4 16. Bxe6 Nf6
17. Be3 Qxb2 18. Rb1 Qa3 19. f5 Bf7 20. Bxf7+ Kxf7 21. Qc2 Rd8
22. Rxb7+ Be7 23. Bc1 Qd6 24. Qb3+ Ke8 25. Kh1 Ng4 26. Rf4 h5
27. Nxe4 Qd5 28. Qxd5 Rxd5 29. h3 Rxd4 30. Nf6+ Bxf6 31. Rxd4
Bxd4 32. Rb8+ Kd7 33. Rxh8 Nf2+ 34. Kh2 Nd3 35. Bd2 c5 36. Kg3
c4 37. Bxa5 Bf6 38. Ra8 c3 39. Ra7+ Kd6 40. Ra6+ Kd5 41. Rxf6
c2 42. Bd2 gxf6 43. Kh4 Nc5 44. Kxh5 Nb3 45. Bh6 Kc4 46. a5
Nxa5 47. Bc1 Nb3 48. Ba3 Nd4 49. g4 Kb3 50. Bc1 Ne2 51. Bh6
Kc3 52. Kg6 Kd3 53. Kxf6 Ke4 54. Bd2 Kd3 55. Bg5 Ke4 1/2-1/2

[Event "Asian Continental Chess Championship"]
[Site "Ho Chi Minh VIE"]
[Date "2012.05.06"]
[EventDate "2012.05.05"]
[Round "2"]
[Result "1/2-1/2"]
[White "Anh Dung Nguyen"]
[Black "Wesley So"]
[WhiteElo "2440"]
[BlackElo "2653"]
[PlyCount "60"]

1. d4 Nf6 2. c4 e6 3. Nc3 Bb4 4. Qc2 d5 5. cxd5 exd5 6. Bg5 c5
7. dxc5 h6 8. Bxf6 Qxf6 9. e3 O-O 10. Nf3 Bf5 11. Bd3 Bxc3+
12. bxc3 Bxd3 13. Qxd3 Rc8 14. Rb1 Rxc5 15. Rxb7 Rxc3 16. Qd2
Nc6 17. O-O Rd8 18. h3 d4 19. Nxd4 Nxd4 20. exd4 Qxd4 21. Qxd4
Rxd4 22. Rxa7 Rc2 23. a4 Ra2 24. a5 g6 25. g3 Rda4 26. Kg2
Rxa5 27. Rxa5 Rxa5 28. h4 h5 29. Re1 Rf5 30. Re2 Ra5 1/2-1/2

[Event "Asian Continental Chess Championship"]
[Site "Ho Chi Minh VIE"]
[Date "2012.05.07"]
[EventDate "2012.05.05"]
[Round "3"]
[Result "1/2-1/2"]
[White "Wesley So"]
[Black "Lou Yiping"]
[WhiteElo "2653"]
[BlackElo "2428"]
[PlyCount "60"]

1. d4 Nf6 2. c4 g6 3. f3 d5 4. cxd5 Nxd5 5. e4 Nb6 6. Nc3 Bg7
7. Be3 O-O 8. Qd2 Nc6 9. O-O-O Qd6 10. Kb1 Rd8 11. Nb5 Qd7
12. d5 a6 13. dxc6 Qxd2 14. Rxd2 Rxd2 15. Bxd2 axb5 16. cxb7
Bxb7 17. Bxb5 f5 18. exf5 Bd5 19. Ne2 Bxa2+ 20. Kc2 gxf5
21. b3 c5 22. Be3 c4 23. Bxb6 Bxb3+ 24. Kd2 Rb8 25. Rb1 e6
26. Ke3 Ba2 27. Rc1 Rxb6 28. Bxc4 Bxc4 29. Rxc4 Be5 30. h3
Rb3+ 1/2-1/2

[Event "Asian Continental Chess Championship"]
[Site "Ho Chi Minh VIE"]
[Date "2012.05.08"]
[EventDate "2012.05.05"]
[Round "4"]
[Result "1/2-1/2"]
[White "Duc Hoa Nguyen"]
[Black "Wesley So"]
[WhiteElo "2496"]
[BlackElo "2653"]
[PlyCount "91"]

1. d4 Nf6 2. c4 g6 3. Nc3 d5 4. Bf4 Bg7 5. e3 O-O 6. Rc1 c5
7. dxc5 Be6 8. Nf3 Nc6 9. Be2 Ne4 10. Nd4 Nxd4 11. exd4 Nxc3
12. bxc3 dxc4 13. Qa4 Bd5 14. O-O Qe8 15. Qxe8 Rfxe8 16. Rfd1
b6 17. Rb1 bxc5 18. dxc5 e6 19. Bf3 Bxf3 20. gxf3 Rac8 21. Be3
Bf8 22. Rb7 Bxc5 23. Rdd7 Bxe3 24. fxe3 Rf8 25. Rxa7 Rcd8
26. Rxd8 Rxd8 27. Ra4 Rd2 28. a3 Ra2 29. Rxc4 Rxa3 30. Kf2
Ra2+ 31. Kg3 Re2 32. e4 g5 33. h4 gxh4+ 34. Kxh4 Kg7 35. Rc8
Kf6 36. Kg3 h5 37. c4 Rc2 38. c5 Ke5 39. Rh8 Rxc5 40. Rxh5+ f5
41. exf5 exf5 42. Rh8 Rc4 43. Re8+ Kf6 44. Rf8+ Ke6 45. Re8+
Kf6 46. Rf8+ 1/2-1/2

[Event "Asian Continental Chess Championship"]
[Site "Ho Chi Minh VIE"]
[Date "2012.05.09"]
[EventDate "2012.05.05"]
[Round "5"]
[Result "1-0"]
[White "Wesley So"]
[Black "Deepan Chakkravarthy J"]
[WhiteElo "2653"]
[BlackElo "2461"]
[PlyCount "105"]

1. d4 d5 2. Nf3 Nf6 3. c4 c6 4. Nc3 a6 5. e3 b5 6. b3 Bg4
7. Be2 e6 8. h3 Bb4 9. Bd2 Bh5 10. g4 Bg6 11. Ne5 Nfd7
12. Nxg6 hxg6 13. a3 Be7 14. Qc2 Ra7 15. Kf1 Nf6 16. Kg2 Nbd7
17. c5 e5 18. g5 Nh5 19. f4 exd4 20. exd4 Nf8 21. Rae1 Qb8
22. Rhf1 f6 23. Qd3 Kf7 24. Bg4 f5 25. Bf3 Rd7 26. Qe2 Bxg5
27. Bxh5 Bh4 28. Bf3 Re7 29. Qd1 Bxe1 30. Bxe1 Ne6 31. Ne2 g5
32. Bg3 gxf4 33. Nxf4 Nxf4+ 34. Bxf4 Qe8 35. Bg5 Re6 36. h4 g6
37. h5 Kg7 38. Kf2 Qb8 39. Rh1 Qc7 40. Qd2 Qd7 41. Bf4 Qe7
42. Qd1 Kg8 43. Bd6 Qg5 44. Qd3 Rh6 45. Rg1 Qh4+ 46. Bg3 Qg5
47. Be5 Qh4+ 48. Ke2 Qf6 49. Kf1 Qf8 50. Bf4 Rh7 51. Rxg6+
Rxg6 52. hxg6 Rd7 53. Be5 1-0

[Event "Asian Continental Chess Championship"]
[Site "Ho Chi Minh VIE"]
[Date "2012.05.10"]
[EventDate "2012.05.05"]
[Round "6"]
[Result "0-1"]
[White "Thien Hai Dao"]
[Black "Wesley So"]
[WhiteElo "2514"]
[BlackElo "2653"]
[PlyCount "96"]

1. d4 Nf6 2. c4 e6 3. Nc3 Bb4 4. Qc2 d5 5. cxd5 exd5 6. Bg5 c5
7. Nf3 h6 8. Bxf6 Qxf6 9. a3 Bf5 10. Qa4+ Bd7 11. Qb3 Bxc3+
12. Qxc3 cxd4 13. Qxd4 Qxd4 14. Nxd4 Nc6 15. e3 Nxd4 16. exd4
Bf5 17. Kd2 Rc8 18. Bd3 Bxd3 19. Kxd3 Kd7 20. Rac1 Kd6
21. Rhe1 Rxc1 22. Rxc1 Re8 23. f3 g5 24. Kd2 a6 25. Re1 Rc8
26. Rc1 Rc4 27. b3 Rxd4+ 28. Ke3 Rh4 29. h3 a5 30. Kd3 Ke5
31. Rc7 Kf4 32. Rxb7 Kg3 33. b4 Kxg2 34. b5 Rxh3 35. Rxf7 g4
36. b6 Rxf3+ 37. Rxf3 gxf3 38. b7 f2 39. b8=Q f1=Q+ 40. Kc2
Qf2+ 41. Kb1 h5 42. Qd8 Qf5+ 43. Kb2 d4 44. Kb3 Qb5+ 45. Kc2
Qc4+ 46. Kb2 Qc3+ 47. Ka2 Qc2+ 48. Ka1 Qf5 0-1

[Event "Asian Continental Chess Championship"]
[Site "Ho Chi Minh VIE"]
[Date "2012.05.11"]
[EventDate "2012.05.05"]
[Round "7"]
[Result "1/2-1/2"]
[White "Wesley So"]
[Black "Abhijeet Gupta"]
[WhiteElo "2653"]
[BlackElo "2644"]
[PlyCount "55"]

1. Nf3 Nf6 2. c4 g6 3. Nc3 d5 4. cxd5 Nxd5 5. Qc2 Nc6 6. d4
Ndb4 7. Qa4 Bd7 8. Qd1 e5 9. dxe5 Bf5 10. Bg5 Nc2+ 11. Qxc2
Bxc2 12. Bxd8 Rxd8 13. Rc1 Bf5 14. e4 Bh6 15. Rd1 Rxd1+
16. Kxd1 Bg4 17. Bb5 Bxf3+ 18. gxf3 Bf4 19. Nd5 Bxe5 20. Nb4
Bxb2 21. Ke2 Ba3 22. Bxc6+ bxc6 23. Nxc6 Kd7 24. Ne5+ Ke6
25. Nc6 Kd7 26. Ne5+ Ke6 27. Nc6 Kd7 28. Ne5+ 1/2-1/2

[Event "Asian Continental Chess Championship"]
[Site "Ho Chi Minh VIE"]
[Date "2012.05.12"]
[EventDate "2012.05.05"]
[Round "8"]
[Result "1/2-1/2"]
[White "Yu Ruiyuan"]
[Black "Wesley So"]
[WhiteElo "2511"]
[BlackElo "2653"]
[PlyCount "60"]

1. e4 c5 2. Nf3 d6 3. d4 Nf6 4. Nc3 cxd4 5. Qxd4 a6 6. Be3 Nc6
7. Qd2 e6 8. O-O-O Be7 9. Bf4 Ng4 10. h3 Nge5 11. Nxe5 Nxe5
12. Nb5 axb5 13. Bxe5 Bd7 14. Bxd6 Rxa2 15. Kb1 Ra8 16. Bb4
Bxb4 17. Qxb4 Qa5 18. Qxa5 Rxa5 19. Bd3 b4 20. Kc1 Ke7 21. Kd2
Rc8 22. Ra1 b6 23. Ke3 e5 24. h4 Rca8 25. Rad1 Ra2 26. Rb1 Rc8
27. Rhd1 Be6 28. Rd2 h6 29. Rdd1 Ra5 30. Ra1 Rca8 1/2-1/2

[Event "Asian Continental Chess Championship"]
[Site "Ho Chi Minh VIE"]
[Date "2012.05.13"]
[EventDate "2012.05.05"]
[Round "9"]
[Result "1-0"]
[White "Wesley So"]
[Black "Wan Yunguo"]
[WhiteElo "2653"]
[BlackElo "2456"]
[PlyCount "73"]

1. d4 Nf6 2. c4 g6 3. Nc3 Bg7 4. e4 d6 5. Nf3 O-O 6. Be2 e5
7. O-O Nc6 8. d5 Ne7 9. Ne1 Nd7 10. Be3 f5 11. f3 f4 12. Bf2
g5 13. g4 h5 14. h3 Rf6 15. Nd3 Rh6 16. c5 dxc5 17. Nxc5 Nxc5
18. Bxc5 Ng6 19. Rc1 hxg4 20. hxg4 Rh3 21. Kg2 Rg3+ 22. Kf2
Nh4 23. Rg1 Rh3 24. Rh1 Rg3 25. Kf1 a6 26. d6 cxd6 27. Bf2 Be6
28. Nd5 Bxd5 29. Qxd5+ Kh7 30. Qxb7 Kg6 31. Rc7 Bf6 32. Bc4
Qf8 33. Be6 Bg7 34. Rxg7+ Qxg7 35. Qxa8 Rxf3 36. Bf5+ Kh6
37. Ke2 1-0

[Event "French Championship"]
[Site "Belfort FRA"]
[Date "2012.06.02"]
[EventDate "?"]
[Round "3"]
[Result "1-0"]
[White "Wesley So"]
[Black "Pierre Bailet"]
[WhiteElo "2653"]
[BlackElo "2425"]
[PlyCount "59"]

1. e4 e5 2. Nf3 Nc6 3. Bb5 a6 4. Bxc6 dxc6 5. O-O f6 6. d4 Bg4
7. c3 Qd6 8. h3 Bh5 9. Be3 O-O-O 10. Nbd2 Qe6 11. Qc2 Bd6
12. c4 exd4 13. Nxd4 Qd7 14. Nf5 Nh6 15. Nxd6+ Qxd6 16. Nb3
Rhe8 17. f3 Bf7 18. Nc5 b6 19. Nxa6 Kb7 20. Rfd1 Qe6 21. Nb4
Qxc4 22. Qxc4 Bxc4 23. Rdc1 Bb5 24. a4 c5 25. axb5 cxb4
26. Bf4 Re7 27. Ra4 Nf7 28. Rca1 Rd4 29. Be3 Rc4 30. Ra8 1-0

[Event "World Open"]
[Site "Philadelphia USA"]
[Date "2012.07.06"]
[EventDate "2012.07.03"]
[Round "4"]
[Result "1/2-1/2"]
[White "Vladimir Romanenko"]
[Black "Wesley So"]
[WhiteElo "2463"]
[BlackElo "2650"]
[PlyCount "51"]

1. e4 e6 2. d4 d5 3. Nd2 c5 4. Ngf3 cxd4 5. exd5 Qxd5 6. Bc4
Qd6 7. O-O Nf6 8. Nb3 Nc6 9. Nbxd4 Nxd4 10. Nxd4 a6 11. c3 Qc7
12. Bd3 Bd6 13. h3 O-O 14. Bg5 Nd7 15. Qe2 Nc5 16. Bc2 Re8
17. Rad1 Bf8 18. Rfe1 e5 19. Bf4 f6 20. Bg3 Bd7 21. Qc4+ Ne6
22. Qd5 Qc8 23. Nf5 Bb5 24. Qe4 Ng5 25. Qh4 Bd7 26. Ne3
1/2-1/2

[Event "COQ Invitational 2012"]
[Site "Montreal CAN"]
[Date "2012.07.28"]
[EventDate "2012.07.21"]
[Round "9.2"]
[Result "1-0"]
[White "Wesley So"]
[Black "Bator Sambuev"]
[WhiteElo "2650"]
[BlackElo "2542"]
[PlyCount "149"]

1. d4 d5 2. c4 c6 3. Nf3 e6 4. e3 Bd6 5. Bd3 f5 6. O-O Nf6
7. b3 Qe7 8. a4 O-O 9. a5 Nbd7 10. Ba3 Ne4 11. Bxd6 Qxd6
12. Qc2 Rf6 13. Nc3 Rh6 14. g3 g5 15. Bxe4 fxe4 16. Nxg5 Qe7
17. f4 Nf6 18. Nd1 Bd7 19. Nf2 a6 20. Kh1 Kh8 21. Rg1 Rg8
22. Rg2 Rh5 23. Qc3 h6 24. Ngh3 Kh7 25. Rag1 e5 26. dxe5 Ng4
27. Rf1 Nxe5 28. fxe5 Rxh3 29. cxd5 cxd5 30. Nxh3 Bxh3 31. Qd4
Rf8 32. Rf4 Rxf4 33. gxf4 Bxg2+ 34. Kxg2 Qg7+ 35. Kf2 Qg4
36. Qb6 Qh4+ 37. Kf1 Qxh2 38. Qxb7+ Kg6 39. Qxa6+ Kh7 40. Qb7+
Kg6 41. Qa6+ Kh7 42. Qe2 Qh1+ 43. Kf2 Qh2+ 44. Ke1 Qg1+
45. Kd2 d4 46. exd4 Qxd4+ 47. Kc2 Qc5+ 48. Kd1 Qd5+ 49. Kc1
Qc5+ 50. Qc4 Qg1+ 51. Kb2 e3 52. a6 Qf2+ 53. Qc2+ Kg7 54. a7
e2 55. a8=Q e1=Q 56. Qb7+ Kf8 57. Qc8+ Kg7 58. Qd7+ Kf8 59. e6
Qxc2+ 60. Kxc2 Qe2+ 61. Kb1 Qe1+ 62. Kb2 Qe2+ 63. Ka3 Qa6+
64. Kb4 Qb6+ 65. Kc4 Qa6+ 66. Kc5 Qa5+ 67. Kc4 Qa6+ 68. Kc3
Qa1+ 69. Kd2 Qb2+ 70. Ke1 Qc1+ 71. Ke2 Qc2+ 72. Kf3 Qxb3+
73. Kg4 h5+ 74. Kh4 Kg8 75. e7 1-0

[Event "Chess Olympiad"]
[Site "Istanbul TUR"]
[Date "2012.08.28"]
[EventDate "?"]
[Round "1.33"]
[Result "0-1"]
[White "Abobker Elarbi"]
[Black "Wesley So"]
[WhiteElo "2259"]
[BlackElo "2652"]
[PlyCount "96"]

1. e4 c6 2. d4 d5 3. exd5 cxd5 4. Bd3 Nc6 5. c3 Nf6 6. Bf4 Bg4
7. f3 Bh5 8. Ne2 e6 9. Qb3 Qc8 10. O-O Be7 11. Nd2 Bg6 12. Qc2
b5 13. Rac1 O-O 14. Bxg6 hxg6 15. Qd3 b4 16. cxb4 Nxb4 17. Qa3
Qe8 18. Rc7 a5 19. Rfc1 Nh5 20. Be3 Bd6 21. Rb7 Rb8 22. Rxb8
Qxb8 23. Nf1 Nc2 24. Qb3 Nxe3 25. Nxe3 Bxh2+ 26. Kf1 Qxb3
27. axb3 Rb8 28. g4 Rxb3 29. Rc3 Rxc3 30. Nxc3 Nf4 31. Nc2 f5
32. b4 axb4 33. Nxb4 Bg3 34. Na4 Bh4 35. Nc6 Kf7 36. Nc5 Ke8
37. Nb3 Kd7 38. Ne5+ Kd6 39. Nc5 Bf6 40. Ncd7 g5 41. gxf5 exf5
42. Nxf6 gxf6 43. Nf7+ Ke7 44. Nh6 Ke6 45. Kf2 Ng6 46. Ke2 Nh4
47. Kf2 Ke7 48. f4 Kf8 0-1

[Event "Chess Olympiad"]
[Site "Istanbul TUR"]
[Date "2012.08.30"]
[EventDate "2012.08.28"]
[Round "3.11"]
[Result "0-1"]
[White "Rinat Jumabayev"]
[Black "Wesley So"]
[WhiteElo "2525"]
[BlackElo "2652"]
[PlyCount "126"]

1. d4 Nf6 2. c4 g6 3. Nc3 d5 4. Bf4 Bg7 5. e3 O-O 6. Rc1 Be6
7. c5 c6 8. h3 b6 9. b4 Ne4 10. Bd3 a5 11. Na4 Nd7 12. f3 b5
13. fxe4 bxa4 14. b5 dxe4 15. Bxe4 cxb5 16. Nf3 Bxa2 17. Qe2
Bc4 18. Rxc4 bxc4 19. Qxc4 Ra7 20. O-O e5 21. Bg5 Bf6 22. Bh6
Bg7 23. Bg5 Bf6 24. h4 Qe7 25. Bd5 Bxg5 26. Nxg5 Nf6 27. Bxf7+
Rxf7 28. d5 Qb7 29. Nxf7 Qxf7 30. e4 Kg7 31. Qxa4 Qd7 32. Qa1
Qc7 33. Rc1 Qe7 34. d6 Qe6 35. Qa3 Nxe4 36. Qe3 Nf6 37. c6 Rf7
38. c7 Rf8 39. d7 Qxd7 40. Qxe5 Rc8 41. Rf1 Qf7 42. h5 a4
43. hxg6 hxg6 44. g4 Qxc7 45. Qxf6+ Kh7 46. Kg2 Qc6+ 47. Qxc6
Rxc6 48. Rf7+ Kh6 49. Ra7 Rc4 50. Kg3 Rc3+ 51. Kf4 g5+ 52. Ke5
Re3+ 53. Kd5 a3 54. Kd4 Rf3 55. Ra6+ Kg7 56. Ke4 Rf4+ 57. Ke5
Rxg4 58. Rxa3 Kg6 59. Ra8 Rb4 60. Rh8 g4 61. Rg8+ Kh5 62. Kf5
Kh4 63. Ra8 Rb5+ 0-1

[Event "Chess Olympiad"]
[Site "Istanbul TUR"]
[Date "2012.09.09"]
[EventDate "2012.08.28"]
[Round "11.7"]
[Result "1/2-1/2"]
[White "Constantin Lupulescu"]
[Black "Wesley So"]
[WhiteElo "2614"]
[BlackElo "2652"]
[PlyCount "94"]

1. d4 d5 2. c4 c6 3. Nf3 Nf6 4. e3 a6 5. Nbd2 Bf5 6. Nh4 Be4
7. Be2 e6 8. O-O c5 9. Nhf3 Nc6 10. a3 Bxf3 11. Nxf3 cxd4
12. Nxd4 Nxd4 13. Qxd4 Rc8 14. cxd5 Qxd5 15. Qa4+ Qd7
16. Qxd7+ Nxd7 17. Bf3 Rc7 18. Bd2 Ne5 19. Be2 Bd6 20. Rac1
Nc6 21. Bf3 Ke7 22. Rc2 Rhc8 23. Rfc1 Kd7 24. Kf1 Be5 25. Rd1
Ke8 26. Rdc1 Kd7 27. h3 Ne7 28. Rxc7+ Rxc7 29. Rd1 Ke8 30. Ba5
Rd7 31. Rxd7 Kxd7 32. Bxb7 Bxb2 33. a4 Nc6 34. Bd2 Nb8 35. Ke2
g6 36. Ba5 Kd6 37. Kd3 Kc5 38. Bc7 Nc6 39. Kc2 Bf6 40. Kd2 Nb4
41. Ba5 Kc4 42. Ke2 Kb3 43. Bxb4 Kxb4 44. Bxa6 Kxa4 45. Bc8
Kb4 46. Bd7 Bc3 47. Be8 f6 1/2-1/2

[Event "Pan-Am Intercollegiate 2012"]
[Site "Princeton USA"]
[Date "2012.12.28"]
[EventDate "2012.12.27"]
[Round "3"]
[Result "1-0"]
[White "Wesley So"]
[Black "Mauricio Flores Rios"]
[WhiteElo "2682"]
[BlackElo "2488"]
[PlyCount "87"]

1. d4 Nf6 2. c4 g6 3. Nc3 d5 4. Nf3 Bg7 5. cxd5 Nxd5 6. e4
Nxc3 7. bxc3 c5 8. Rb1 O-O 9. Be2 b6 10. O-O Bb7 11. Qd3 cxd4
12. cxd4 Ba6 13. Qe3 Bxe2 14. Qxe2 Nc6 15. d5 Nd4 16. Nxd4
Bxd4 17. Rd1 Bg7 18. Ba3 Be5 19. Rbc1 Qd7 20. Rc6 Rfc8 21. Qc2
e6 22. g3 exd5 23. exd5 h5 24. Re1 Re8 25. d6 Rec8 26. Rc7
Rxc7 27. dxc7 Qxc7 28. Qe4 Re8 29. Bb2 Bxb2 30. Qxe8+ Kg7
31. Re7 Qc1+ 32. Kg2 Qc4 33. Rxa7 Qd5+ 34. f3 Qc4 35. Qe4 Qc8
36. Rb7 h4 37. gxh4 Bf6 38. Qd5 Qe8 39. Qc4 b5 40. Rxb5 Qd7
41. Rd5 Qe6 42. Rc5 Qe3 43. Rc7 Kh6 44. Qc1 1-0

[Event "Pan-Am Intercollegiate 2012"]
[Site "Princeton USA"]
[Date "2012.12.29"]
[EventDate "2012.12.27"]
[Round "4"]
[Result "0-1"]
[White "Hedinn Steingrimsson"]
[Black "Wesley So"]
[WhiteElo "2560"]
[BlackElo "2682"]
[PlyCount "146"]

1. d4 Nf6 2. c4 e6 3. Nc3 Bb4 4. Qc2 d5 5. a3 Bxc3+ 6. Qxc3
O-O 7. Nf3 dxc4 8. Qxc4 b6 9. Bg5 Ba6 10. Qa4 h6 11. Bh4 c5
12. dxc5 bxc5 13. Rc1 Qe7 14. Ne5 Rd8 15. e3 Bxf1 16. Kxf1 Qb7
17. Bxf6 gxf6 18. Nc4 Nd7 19. h4 Ne5 20. Rh3 Qe4 21. Kg1 Kh8
22. Qc2 Qxc2 23. Rxc2 Rd1+ 24. Kh2 Ng4+ 25. Kg3 Rg8 26. Kf4
Rf1 27. Kf3 h5 28. Nd6 Kg7 29. Ne4 f5 30. Ng3 Re1 31. Rxc5 Rd8
32. Rh1 Rxh1 33. Nxh1 Rd1 34. Ng3 Rd2 35. Nxh5+ Kh6 36. Nf4
Rxf2+ 37. Kg3 Rxb2 38. Rc3 a5 39. Nd3 Re2 40. Nc1 Rxe3+
41. Rxe3 Nxe3 42. Nb3 Nc4 43. Kf4 Kg6 44. g3 e5+ 45. Kf3 a4
46. Nc5 Nb6 47. Ke3 Kh5 48. Kf3 f6 49. Ne6 Nd5 50. Ng7+ Kg6
51. Ne6 e4+ 52. Kf2 Kh5 53. Nc5 Nc3 54. Ne6 Nb5 55. Nf4+ Kh6
56. Nd5 Nxa3 57. Nc3 Kh5 58. Nxa4 Nc2 59. Nc3 Nb4 60. Kg2 Kg4
61. Kf2 Nd3+ 62. Kg2 Nb4 63. Kf2 Nd3+ 64. Kg2 e3 65. Kf1 f4
66. gxf4 Nxf4 67. Ke1 Kxh4 68. Nd1 Kg3 69. Nxe3 Ng2+ 70. Ke2
Nxe3 71. Kxe3 f5 72. Ke2 f4 73. Kf1 Kf3 0-1

[Event "Pan-Am Intercollegiate 2012"]
[Site "Princeton USA"]
[Date "2012.12.29"]
[EventDate "2012.12.27"]
[Round "5"]
[Result "1/2-1/2"]
[White "Wesley So"]
[Black "Anatoly Bykhovsky"]
[WhiteElo "2682"]
[BlackElo "2513"]
[PlyCount "77"]

1. d4 Nf6 2. c4 g6 3. Nc3 d5 4. Qb3 dxc4 5. Qxc4 Bg7 6. e4 O-O
7. Be2 Nc6 8. Nf3 Bg4 9. d5 Na5 10. Qb4 Bxf3 11. Bxf3 c6
12. O-O Qb6 13. Qa4 Nd7 14. Rd1 Rfd8 15. g3 h6 16. Bg2 Kh7
17. Qc2 Qb4 18. Rb1 Nb6 19. Bf4 Nac4 20. Rd3 cxd5 21. Nxd5
Nxd5 22. exd5 Nd6 23. Qe2 Bf6 24. Rb3 Qa4 25. Bxd6 Rxd6
26. Rxb7 Qxa2 27. Rc1 Rad8 28. Rcc7 Qb1+ 29. Qf1 Qf5 30. Rxa7
Rb8 31. Rab7 Rxb7 32. Rxb7 Qc8 33. Rb4 Qc2 34. b3 Qd2 35. Rb7
Kg7 36. Bf3 Rd8 37. Kg2 Rxd5 38. Qe2 Rd7 39. Rxd7 1/2-1/2

[Event "3rd Thanksgiving Open"]
[Site "Saint Louis USA"]
[Date "2012.11.24"]
[EventDate "2012.11.23"]
[Round "4.6"]
[Result "1-0"]
[White "Wesley So"]
[Black "Michael A Brooks"]
[WhiteElo "2678"]
[BlackElo "2430"]
[PlyCount "53"]

1. d4 Nf6 2. c4 e6 3. Nc3 Bb4 4. Qc2 d5 5. cxd5 exd5 6. Bg5
Nbd7 7. e3 c6 8. Bd3 Qe7 9. Ne2 h6 10. Bh4 Nf8 11. O-O Bd6
12. Bxf6 Qxf6 13. e4 dxe4 14. Nxe4 Qd8 15. d5 cxd5 16. Qa4+
Ke7 17. N2c3 Be6 18. Nxd6 Qxd6 19. Rac1 Qb6 20. Nb5 Nd7
21. Qb4+ Kd8 22. a4 a5 23. Qc3 Nf6 24. Nc7 Rb8 25. Bb5 Ke7
26. Nxe6 fxe6 27. Qg3 1-0

[Event "Reykjavik Open"]
[Site "Reykjavik ISL"]
[Date "2013.02.19"]
[EventDate "2013.02.19"]
[Round "1.7"]
[Result "1-0"]
[White "Wesley So"]
[Black "Fredrik Palmqvist"]
[WhiteElo "2684"]
[BlackElo "2050"]
[PlyCount "71"]

1. e4 c5 2. Nf3 Nf6 3. e5 Nd5 4. d4 cxd4 5. Qxd4 e6 6. Bc4 Nc6
7. Qe4 d6 8. O-O dxe5 9. Nxe5 Bd6 10. Bxd5 exd5 11. Nxc6+ dxe4
12. Nxd8 Kxd8 13. Nc3 Bf5 14. Be3 Ke7 15. Rfe1 Rhc8 16. Rad1
Be5 17. Bd4 Bxd4 18. Rxd4 Kf8 19. Re2 Rd8 20. Rb4 b6 21. h3
Rd7 22. Nxe4 Rad8 23. f3 f6 24. Kf2 Bg6 25. a4 Rd4 26. Rxd4
Rxd4 27. b3 f5 28. Ng5 Rd6 29. Ke1 h6 30. Re6 Rxe6+ 31. Nxe6+
Kf7 32. Nd8+ Kf6 33. Nc6 f4 34. Nxa7 Bxc2 35. Nc8 Bxb3
36. Nxb6 1-0

[Event "Reykjavik Open"]
[Site "Reykjavik ISL"]
[Date "2013.02.20"]
[EventDate "2013.02.19"]
[Round "2"]
[Result "0-1"]
[White "Erik Andrew Kislik"]
[Black "Wesley So"]
[WhiteElo "2359"]
[BlackElo "2684"]
[PlyCount "53"]

1. d4 Nf6 2. c4 g6 3. f3 d5 4. cxd5 Nxd5 5. e4 Nb6 6. Nc3 Bg7
7. Be3 O-O 8. Qd2 Qd6 9. f4 Rd8 10. Nb5 Qd7 11. Nf3 Na6
12. Be2 c5 13. O-O Qe6 14. Nc3 Nc4 15. Bxc4 Qxc4 16. Qe2 Qxe2
17. Nxe2 Nb4 18. Bf2 b6 19. Rfd1 Ba6 20. Nc3 cxd4 21. Nxd4 Kf8
22. Rd2 Nd3 23. Nde2 Nxf2 24. Rxd8+ Rxd8 25. Kxf2 Rd2 26. Rd1
Bxc3 27. Ra1 0-1

[Event "Reykjavik Open"]
[Site "Reykjavik ISL"]
[Date "2013.02.20"]
[EventDate "2013.02.19"]
[Round "3"]
[Result "1-0"]
[White "Wesley So"]
[Black "Mads Andersen"]
[WhiteElo "2684"]
[BlackElo "2462"]
[PlyCount "111"]

1. d4 d5 2. c4 c6 3. Nc3 Nf6 4. Nf3 e6 5. Bg5 h6 6. Bh4 dxc4
7. e4 g5 8. Bg3 b5 9. Be2 Bb7 10. O-O Nbd7 11. Ne5 Bg7
12. Nxd7 Nxd7 13. Bd6 a6 14. a4 b4 15. Bxb4 Qb6 16. Ba3 Qxd4
17. Qc2 c5 18. Rfd1 Qe5 19. Bxc4 Qc7 20. Ne2 O-O 21. Rac1 Rfd8
22. b3 Rac8 23. Ng3 Be5 24. Bb2 Bxb2 25. Qxb2 Qe5 26. Qe2 Nb8
27. Qh5 Qf6 28. Be2 Rd4 29. Rd3 Nd7 30. Rdc3 Rd8 31. Qf3 Qxf3
32. Rxf3 a5 33. Re3 Bc6 34. f3 Kf8 35. Nf1 Rb8 36. Kf2 f5
37. exf5 exf5 38. Re6 Bd5 39. Rxh6 Bxb3 40. Ng3 f4 41. Ne4
Rxa4 42. Rh7 Rd4 43. Nxc5 Nxc5 44. Rxc5 a4 45. Rxg5 Rbd8
46. Rf5+ Kg8 47. Rh4 R8d7 48. Rg4+ Rg7 49. Rgxf4 Rxf4 50. Rxf4
Rb7 51. Bc4+ Kg7 52. Rd4 Bc2 53. Rd2 Bb1 54. Bd3 Rd7 55. Ke2
Re7+ 56. Kd1 1-0

[Event "Reykjavik Open"]
[Site "Reykjavik ISL"]
[Date "2013.02.21"]
[EventDate "2013.02.19"]
[Round "4"]
[Result "1/2-1/2"]
[White "Hjorvar Steinn Gretarsson"]
[Black "Wesley So"]
[WhiteElo "2509"]
[BlackElo "2684"]
[PlyCount "85"]

1. d4 d5 2. c4 c6 3. Nf3 Nf6 4. Nc3 dxc4 5. a4 Bf5 6. Ne5 Nbd7
7. Nxc4 Nb6 8. Ne5 a5 9. g3 Nfd7 10. Nxd7 Qxd7 11. e4 Bh3
12. Bxh3 Qxh3 13. Qb3 Ra6 14. d5 e5 15. dxc6 bxc6 16. Be3 Bb4
17. O-O-O O-O 18. Na2 c5 19. Kb1 Qc8 20. Rc1 c4 21. Qc2 Qc6
22. Rhd1 Rc8 23. Nxb4 axb4 24. Bxb6 Qxb6 25. b3 Ra5 26. Qd2 g6
27. Rxc4 Rxc4 28. Qd8+ Qxd8 29. Rxd8+ Kg7 30. bxc4 Rxa4
31. Kb2 Ra3 32. Rd2 Kf6 33. c5 Ke7 34. c6 Rc3 35. Rc2 Rxc2+
36. Kxc2 Kd6 37. Kb3 Kxc6 38. Kxb4 g5 39. g4 Kb6 40. Kc4 Kc6
41. Kb4 Kb6 42. Kc4 Kc6 43. Kb4 1/2-1/2

[Event "Reykjavik Open"]
[Site "Reykjavik ISL"]
[Date "2013.02.26"]
[EventDate "2013.02.19"]
[Round "9"]
[Result "1-0"]
[White "Wesley So"]
[Black "Marcin Dziuba"]
[WhiteElo "2684"]
[BlackElo "2602"]
[PlyCount "81"]

1. e4 c6 2. d4 d5 3. e5 Bf5 4. Nf3 e6 5. Be2 Ne7 6. O-O c5
7. c4 Nbc6 8. Na3 dxc4 9. Nxc4 Nd5 10. Bg5 Qd7 11. Rc1 h6
12. Be3 b5 13. Na3 a6 14. dxc5 Be4 15. Nc2 Nxe3 16. Nxe3 Be7
17. a4 Qb7 18. Nd2 Rd8 19. axb5 axb5 20. Nxe4 Rxd1 21. Rfxd1
Nxe5 22. c6 Qc7 23. Bxb5 O-O 24. Nc4 Bd8 25. Nc5 Nxc4 26. Rxc4
Qe5 27. Rc2 Bc7 28. g3 Rb8 29. Ba4 Ra8 30. b4 Qf5 31. Rdc1 h5
32. Bb5 Bb6 33. Bf1 h4 34. Nd7 Bd4 35. c7 Rc8 36. Rd2 hxg3
37. hxg3 Qg5 38. Rxd4 Qxc1 39. Nf6+ Kf8 40. Rd8+ Ke7 41. Ng8#
1-0